| 000 | 01551nam a22003257a 4500 | ||
|---|---|---|---|
| 999 |
_c23484 _d23484 |
||
| 003 | AR-CdUCM | ||
| 008 | 260122b2025 pe ||||| |||| 00| 0 spa d | ||
| 040 |
_aMUNICIPALIDAD PROVINCIAL DEL CUSCO _cBIBLIOTECA MUNICIPAL DEL CUSCO |
||
| 041 | _hspa | ||
| 082 |
_a307.0394 / _bC24 |
||
| 100 |
_aCama Chacón, Mario _950975 |
||
| 245 |
_aApuntes para la Historia de Ccatcca : _bCcatcca Capital de la Espiritualidad Andina / |
||
| 260 |
_aLima : _bMario Cama Chacón, _c2025. |
||
| 300 |
_a342 páginas. : _c15 x 20 cm. |
||
| 500 | _zpágina 342 | ||
| 505 | _aContenido: El pueblo de Ccatcca -- Túpac Amaru -- Creación Política del Distrito -- Costumbres y Tradiciones -- Semana Santa -- Fiestas de la Virgen del Carmen -- El Chaca Chutay -- Los Carnavales -- Agricultura -- Primeras Elecciones Municipales siglo XX -- El Gobierno Municipal -- La electrificación -- El día de la juramentación -- La conformación de Comisiones -- Chacachutay -- En educación -- Construcción de la tribuna del estadio -- Las obras que ejecutan.... | ||
| 650 |
_aAnexamiento de Ccatcca _952139 |
||
| 650 |
_aSantu Juñunacuy _952140 |
||
| 650 |
_aDesfile Cívico Escolar _952141 |
||
| 650 |
_aSantiago fiesta _952142 |
||
| 650 |
_aOfrenda a la madre tierra _952143 |
||
| 650 |
_aVarayoq o Alcalde _952144 |
||
| 650 |
_aLas vías de comunicación _952145 |
||
| 650 |
_aClub estudiantes _952146 |
||
| 650 |
_aLos Saywas _952147 |
||
| 650 |
_aEl puente _952148 |
||
| 650 |
_aInicio de trabajos _952149 |
||
| 942 |
_2ddc _cLIBROS |
||
| 945 |
_ajmcs _d22/01/2026 |
||